| 000 | 00593nam a22001937a 4500 | ||
|---|---|---|---|
| 003 | OSt | ||
| 005 | 20260119015655.0 | ||
| 008 | 260119b |||||||| |||| 00| 0 eng d | ||
| 020 | _a 0-936184-55-8 | ||
| 040 |
_aDWC-Main lib _cOC |
||
| 082 | _aCirc. 641.5 B561 2002 | ||
| 245 |
_aThe best recipe: _bamerican classics/ |
||
| 260 |
_aBrookline, Massachusetts: _bBoston Common press , _cc2002. |
||
| 300 |
_aix, 421 pages : _billustrations ; _c 28cm. |
||
| 504 | _aIncludes index | ||
| 650 | _a1. Cooking | ||
| 650 | _a2. Cooking American | ||
| 942 |
_2ddc _cBK-CIRC _kCirc. 641.5 B561 2002 _n0 |
||
| 999 |
_c7510 _d7510 |
||